| 000 | 01029 a2200205 4500 | ||
|---|---|---|---|
| 003 | Nust | ||
| 005 | 20230321130506.0 | ||
| 010 | _a 83003073 | ||
| 020 | _a0133545482 (pbk.) : | ||
| 020 | _a0133545555 (hard) | ||
| 040 | _cNust | ||
| 082 | 0 | 0 | _a652,ROS |
| 100 | 1 |
_aRosen, Arnold _9110870 |
|
| 245 | 1 | 0 |
_aGetting the most out of your word processor : _bcovers all of the functions,features and applications of these powerful office automation tools / _cArnold Rosen. |
| 260 |
_aEnglewood Cliffs, N.J. : _bPrentice-Hall, _cc1983. |
||
| 300 |
_axvi, 200 p. : _bill. ; _c24 cm. |
||
| 505 | _aIntroduction (Page-1), Basic Features and Functions (Page-23), Advanced Software Features (Page-37), General Applications (Page-51), Industry and Personal Applications (Page-67), Plugging into The Office of the Future (Page-87) Care Maintenance and Service (Page-119), Supplies and Accessories (Page-139), Ergonomics (Page-157), The Future (Page-181). | ||
| 650 | 0 |
_aWord processing _xEquipment and supplies. _9110871 |
|
| 942 |
_2ddc _cBK |
||
| 999 |
_c194780 _d194780 |
||